Learning Resource and Development

The business of commercial photography / (Record no. 18514)

MARC details
000 -LEADER
fixed length control field 01136cam a2200325Ja 4500
001 - CONTROL NUMBER
control field businessofcommer00wexl
003 - CONTROL NUMBER IDENTIFIER
control field CaSfIA
005 - DATE AND TIME OF LATEST TRANSACTION
control field 20230525154814.0
007 - PHYSICAL DESCRIPTION FIXED FIELD--GENERAL INFORMATION
fixed length control field cr||||
008 - FIXED-LENGTH DATA ELEMENTS--GENERAL INFORMATION
fixed length control field 970224s1997 nyua 001 0 eng
010 ## - LIBRARY OF CONGRESS CONTROL NUMBER
LC control number 97006491
040 ## - CATALOGING SOURCE
Original cataloging agency DLC
Transcribing agency DLC
Modifying agency YDX
-- BAKER
-- YDXCP
-- CaSfIA
020 ## - INTERNATIONAL STANDARD BOOK NUMBER
International Standard Book Number 081743612X (hardcover)
020 ## - INTERNATIONAL STANDARD BOOK NUMBER
International Standard Book Number 9780817436124 (hardcover)
035 ## - SYSTEM CONTROL NUMBER
System control number (OCoLC)36477000
050 00 - LIBRARY OF CONGRESS CALL NUMBER
Classification number TR581
Item number .W48 1997
082 00 - DEWEY DECIMAL CLASSIFICATION NUMBER
Classification number 770/.68
Edition number 21
029 1# - OTHER SYSTEM CONTROL NUMBER (OCLC)
OCLC library identifier YDXCP
System control number 1345721
029 1# - OTHER SYSTEM CONTROL NUMBER (OCLC)
OCLC library identifier AU@
System control number 000013106550
100 1# - MAIN ENTRY--PERSONAL NAME
Personal name Wexler, Ira.
245 14 - TITLE STATEMENT
Title The business of commercial photography /
Medium [electronic resource]
Statement of responsibility, etc. Ira Wexler.
260 ## - PUBLICATION, DISTRIBUTION, ETC.
Place of publication, distribution, etc. New York :
Name of publisher, distributor, etc. Amphoto Books,
Date of publication, distribution, etc. 1997.
300 ## - PHYSICAL DESCRIPTION
Extent 192 p. :
Other physical details ill. (some col.) ;
Dimensions 29 cm.
500 ## - GENERAL NOTE
General note Includes index.
650 #0 - SUBJECT ADDED ENTRY--TOPICAL TERM
Topical term or geographic name entry element Photography
General subdivision Business methods.
650 #0 - SUBJECT ADDED ENTRY--TOPICAL TERM
Topical term or geographic name entry element Commercial photography.
650 #0 - SUBJECT ADDED ENTRY--TOPICAL TERM
Topical term or geographic name entry element Photographers
General subdivision Marketing.
856 41 - ELECTRONIC LOCATION AND ACCESS
Uniform Resource Identifier <a href="http://www.archive.org/details/businessofcommer00wexl">http://www.archive.org/details/businessofcommer00wexl</a>
Public note Free eBook from the Internet Archive
856 42 - ELECTRONIC LOCATION AND ACCESS
Uniform Resource Identifier <a href="http://www.openlibrary.org/books/OL661071M">http://www.openlibrary.org/books/OL661071M</a>
Public note Additional information and access via Open Library
Holdings
Withdrawn status Lost status Damaged status Not for loan Collection Home library Current library Date acquired Total Checkouts Full call number Date last seen Price effective from Koha item type
        Project Gutenberg Main Library Main Library 05/25/2023   TR581 .W48 1997 05/25/2023 05/25/2023 EBooks